| 000 | 00830nam a22002297a 4500 | ||
|---|---|---|---|
| 008 | 100116t xxu||||| |||| 00| 0 eng d | ||
| 010 | _aB-365443 | ||
| 020 | _c595.00 | ||
| 035 | _aB-365443 | ||
| 037 |
_aUBH _bRP/CL/E;22/17-12-09/22-12-09/30-12-09 |
||
| 040 |
_adpl _beng |
||
| 082 | _a572 | ||
| 100 | _aVasudevan,D.M | ||
| 245 |
_aText Book of Biochemistry for Medical students/ _cby DM Vasudevan&Sreekumaris |
||
| 250 | _a5thed | ||
| 260 |
_aDelhi _bJaypee brothers _c2009 |
||
| 270 |
_a4838/24 Ansari Road Daryaganj _bDelhi _e110002 _k43574357 |
||
| 300 |
_a518pg _c24cm |
||
| 942 |
_2ddc _cEN _h572 _mVAS |
||
| 999 |
_c33639 _d33639 |
||